|
|
|
|
| LEADER |
01088nam a2200241 a 4500 |
| 001 |
4472129 |
| 008 |
090824s1997 enka b 001 0 eng d |
| 010 |
|
|
|a 96035143
|
| 020 |
|
|
|a 0340614722 (pb)
|
| 020 |
|
|
|a 0340692235 (hb)
|
| 040 |
|
|
|a DLC
|c DLC
|d DLC
|
| 082 |
0 |
0 |
|a 428/.0072
|2 20
|
| 100 |
1 |
|
|a McDonough, Jo.
|
| 245 |
1 |
0 |
|a Research methods for English language teachers /
|c Jo McDonough, Steven McDonough.
|
| 260 |
|
|
|a London ;
|a New York :
|b Arnold ;
|a New York :
|b Distributed exclusively in the USA by St. Martin's Press,
|c c1997.
|
| 300 |
|
|
|a vi, 262 p. :
|b ill. ;
|c 24 cm.
|
| 504 |
|
|
|a Includes bibliographical references (p. [247]-256) and index.
|
| 541 |
1 |
|
|e 00012388
|
| 650 |
|
0 |
|a English language
|x Study and teaching
|x Foreign speakers
|x Research
|x Methodology.
|
| 700 |
1 |
|
|a McDonough, Steven H.
|
| 852 |
4 |
|
|a Ayesha Abed Library
|j General Shelf.
|
| 999 |
|
|
|c 3528
|d 3528
|
| 952 |
|
|
|0 0
|1 0
|2 ddc
|4 0
|6 428_007200000000000_MCD
|7 0
|9 3202
|a BRACUL
|b BRACUL
|c GEN
|d 2009-09-02
|g 0.00
|l 9
|m 15
|o 428.0072 MCD
|p 3010012388
|r 2024-01-22
|s 2023-10-08
|t 1
|w 2009-09-02
|y BK
|x No price found in the accession register.
|